000 00309nam a22001337a 4500
008 171030b xxu||||| |||| 00| 0 eng d
020 _a9780072352368
041 _aeng
080 _26 ED
_a336
100 _a57
101 _aFIN
245 _aPRINCIPLES OF CORPORATE FINANCE
_cMUERS.B
942 _2udc
_cBK
999 _c36430
_d36430